000 00555nam a2200205Ia 4500
005 20250923150014.0
008 008 250917s9999 xx 000 0 eng d
037 _aTextual
040 _aDSWL
_beng
_cDSWL
041 _aeng
_2eng
084 _aY:f, N98
_qDSWL
100 _aSarantakos, S.
_9841208
245 0 _aWorking with Social Research
_c by S. Sarantakos
260 _aSouth
_bMacmillan E.A.
_c1998
300 _aviii,133 p.
365 _aGBP
_b11.99
925 _g11.99
942 _cTEXL
_hY:f, N98
999 _c1458411
_d1458411